Skazki želtyh ujgurov

Elmentve itt :
Bibliográfiai részletek
Szerző: Malov Sergej Efimovič
Dokumentumtípus: Cikk
Megjelent: Tip. Imperatorskoj Akademii Nauk Petrograd 1914
Sorozat:Živaâ Starina
Kulcsszavak:Ujgur irodalom története
Tárgyszavak:
Online Access:http://misc.bibl.u-szeged.hu/63628
LEADER 00749nab a2200217 i 4500
001 misc63628
005 20220920112955.0
008 220622s1914 hu o 0|| rus d
040 |a SZTE Miscellanea Repozitórium  |b hun 
041 |a rus 
100 1 |a Malov Sergej Efimovič 
245 1 0 |a Skazki želtyh ujgurov  |h [elektronikus dokumentum] /  |c  Malov Sergej Efimovič 
260 |a Tip. Imperatorskoj Akademii Nauk  |b Petrograd  |c 1914 
300 |a p. 467-476.  |c 26 cm 
490 0 |a Živaâ Starina 
561 |a Németh Gyula hagyaték 
591 |a NOA 3392 
650 4 |a Bölcsészettudományok 
650 4 |a Nyelvek és irodalom 
695 |a Ujgur irodalom története 
856 4 0 |u http://misc.bibl.u-szeged.hu/63628/1/3392_noa_m25.pdf  |z Dokumentum-elérés